| 000 | 00000nam 2200000za 4500 |
| 001 | 9.856018 |
| 003 | CaOODSP |
| 005 | 20221107155435 |
| 007 | cr ||||||||||| |
| 008 | 180501s1994 onc #os f|0| 0 eng d |
| 040 | |aCaOODSP|beng |
| 043 | |an-cn--- |
| 086 | 1 |aCS65-0011/1994E-PDF |
| 100 | 1 |aMozes, Steven. |
| 245 | 14|aThe future of the Canadian international merchandise trade statistical program |h[electronic resource] / |cSteven Mozes and Victoria Crompton. |
| 260 | |a[Ottawa] : |bStatistics Canada, |c[1994] |
| 300 | |a[28] p. |
| 500 | |aCaption title. |
| 500 | |aCopy of an article from the Proceedings of the 1994 Annual Research Conference of the U.S. Bureau of the Census. |
| 500 | |aDigitized edition from print [produced by Statistics Canada]. |
| 520 | |a"The objectives of this paper are to describe and evaluate various scenarios for the future direction of the Canadian merchandise trade statistical program with special emphasis on the impact of changes emanating from Canada Customs and the lessons learned from the Intrastat experience. The paper also analyses the advantages and disadvantages of both Customs and survey based programs and their impact on data quality, historical continuity, coverage and detail"--Introduction. |
| 692 | 07|2gccst|aInternational trade |
| 692 | 07|2gccst|aStatistics |
| 700 | 1 |aCrompton, Victoria. |
| 710 | 2 |aStatistics Canada. |
| 856 | 40|qPDF|s682 KB|uhttps://publications.gc.ca/collections/collection_2018/statcan/CS65-0011-1994-eng.pdf |
| 986 | |a65F0011XPE |